Normal view MARC view

Entry Personal Name

Number of records used in: 1

001 - CONTROL NUMBER

  • control field: 967

003 - CONTROL NUMBER IDENTIFIER

  • control field: DLC

005 - DATE AND TIME OF LATEST TRANSACTION

  • control field: 20191231131504.0

008 - FIXED-LENGTH DATA ELEMENTS

  • fixed length control field: 940226n| acannaab| |a aaa c

010 ## - LIBRARY OF CONGRESS CONTROL NUMBER

  • LC control number: no 94006424

040 ## - CATALOGING SOURCE

  • Original cataloging agency: DJBF
  • Transcribing agency: DJBF

100 10 - HEADING--PERSONAL NAME

  • Personal name: Stonier, Alfred W.
  • Fuller form of name: (Alfred William),
  • Dates associated with a name: 1905-

400 10 - SEE FROM TRACING--PERSONAL NAME

  • Personal name: Stonier, A. W.
  • Fuller form of name: (Alfred William),
  • Dates associated with a name: 1905-

670 ## - SOURCE DATA FOUND

  • Source citation: Manual de teoría económica, 1972:
  • Information found: t.p. (Alfred W. Stonier, prof. teoría económica, Makerere Univ. Coll., Kampala, Uganda)

670 ## - SOURCE DATA FOUND

  • Source citation: OCLC database, 2/26/94
  • Information found: (hdg.: Stonier, Alfred W. (Alfred William); Stonier, Alfred William, 1905- ; Stonier, Alfred William; Stonier, Alfred W.; usage: Alfred W. Stonier, Alfred Stonier)

Powered by Koha